000 01499nam a2200373 i 4500
001 000013996
003 DO-SdBNP
005 20250307073709.0
007 ta
008 091202s2003 dr 000 0 spa d
020 _a9993486787 (v. 1)
020 _a9993486779 (v. 2)
020 _a9993489859 (v. 3)
020 _a9993496502 (v. 4)
020 _a9993496529 (Rústica: v. 5)
020 _a9993496537 (Dura: v.5)
040 _aDO-SdBNP
_bspa
_cBNPHU
_erda
082 4 _a868.42
_bH519o, 2003
_222
100 1 _aHenríquez Ureña, Pedro,
_d1884-1946
_eautor
_4aut.
_91718
245 1 0 _aObras completas /
_cPedro Henríquez Ureña ; edición, Modesto E. Cuesta S.
264 1 _aSanto Domingo :
_bEditora Nacional,
_c2003.
300 _a5 volumenes ;
_c23 cm.
336 _atexto
_btxt
_2rdacontent
337 _asin mediación
_bn
_2rdamedia
338 _avolumen
_bnc
_2rdacarrier
504 _aIncluye referencias bibliográficas y notas al pie de las páginas.
505 0 _av. 1--
_tFicción --
_gv. 2.
_tEstudios literarios --
_gv. 3.
_tEstudios métricos --
_gv. 4.
_tEstudios lingüísticos y filológicos --
_gv. 5.
_tEscritos políticos, sociológicos y filosóficos.
600 1 0 _aHenríquez Ureña, Pedro,
_d1884-1946
_xColecciones de escrito
_91718
650 0 _aEnsayos dominicanos
_965
650 4 _aLiteratura dominicana
_xHistoria y crìtica
_9159
700 1 _aCuesta S., Modesto E.,
_4ed.
_eeditor
_931670
910 _aValidado. Control de calidad BNPHU.
942 _2ddc
_cLBS1
999 _c13600
_d13600